[Event "WCO2014"]
[Site "Tromso"]
[Date "2014.08.05"]
[Round "4.12"]
[WhiteID "5111080"]
[White "Torres Rosas Luis Carlos"]
[BlackID "13603078"]
[Black "Nigalidze Gaioz"]
[Result "1/2-1/2"]
[LiveChessVersion "1.4.3"]
[BlackElo "2542"]
[WhiteElo "2351"]

1. d4 {[%clk 1:30:52]} d5 {[%clk 1:30:37]} 2. c4 {[%clk 1:31:11]} c6
{[%clk 1:30:54]} 3. Nf3 {[%clk 1:31:21]} Nf6 {[%clk 1:31:14]} 4. Nc3
{[%clk 1:31:35]} e6 {[%clk 1:31:14]} 5. e3 {[%clk 1:30:43]} a6 {[%clk 1:31:19]}
6. Qc2 {[%clk 1:27:44]} c5 {[%clk 1:28:38]} 7. dxc5 {[%clk 1:15:27]} Bxc5
{[%clk 1:26:51]} 8. a3 {[%clk 1:14:44]} dxc4 {[%clk 1:13:25]} 9. Bxc4
{[%clk 1:15:02]} O-O {[%clk 1:13:00]} 10. O-O {[%clk 1:03:40]} Nbd7
{[%clk 1:04:34]} 11. Bd3 {[%clk 0:52:09]} b5 {[%clk 0:48:52]} 12. Ne4
{[%clk 0:35:23]} Be7 {[%clk 0:48:30]} 13. Nxf6+ {[%clk 0:34:34]} Nxf6
{[%clk 0:48:53]} 14. e4 {[%clk 0:34:34]} Nd7 {[%clk 0:36:14]} 15. e5
{[%clk 0:21:40]} h6 {[%clk 0:27:30]} 16. Bh7+ {[%clk 0:21:50]} Kh8
{[%clk 0:27:56]} 17. Be4 {[%clk 0:22:15]} Ra7 {[%clk 0:25:46]} 18. Be3
{[%clk 0:21:04]} Rc7 {[%clk 0:25:20]} 19. Qe2 {[%clk 0:20:59]} Bb7
{[%clk 0:17:58]} 20. Bxb7 {[%clk 0:19:39]} Rxb7 {[%clk 0:18:22]} 21. Rac1
{[%clk 0:16:11]} Qb8 {[%clk 0:15:31]} 22. Nd4 {[%clk 0:04:44]} Qxe5
{[%clk 0:03:21]} 23. Nc6 {[%clk 0:04:05]} Qf6 {[%clk 0:03:50]} 24. Bd4
{[%clk 0:04:13]} e5 {[%clk 0:03:46]} 25. Nxe5 {[%clk 0:03:55]} Nxe5
{[%clk 0:03:31]} 26. Bxe5 {[%clk 0:04:11]} Qf5 {[%clk 0:01:55]} 27. Rc6
{[%clk 0:04:03]} f6 {[%clk 0:02:06]} 28. Bg3 {[%clk 0:02:54]} a5 {[%clk 0:01:53]}
29. Re6 {[%clk 0:01:30]} Bc5 {[%clk 0:00:57]} 30. Rd1 {[%clk 0:00:50]} Rff7
{[%clk 0:00:40]} 31. h4 {[%clk 0:00:39]} Rfe7 {[%clk 0:00:43]} 32. Rxe7
{[%clk 0:00:46]} Rxe7 {[%clk 0:01:08]} 33. Rd8+ {[%clk 0:00:47]} Kh7
{[%clk 0:01:30]} 34. Qd2 {[%clk 0:01:00]} Qb1+ {[%clk 0:00:55]} 35. Kh2
{[%clk 0:01:23]} Re1 {[%clk 0:00:57]} 36. Qd3+ {[%clk 0:00:40]} Qxd3
{[%clk 0:01:22]} 37. Rxd3 {[%clk 0:01:03]} Re2 {[%clk 0:00:50]} 38. Rd5
{[%clk 0:01:12]} Rc2 {[%clk 0:00:50]} 39. b4 {[%clk 0:00:36]} axb4
{[%clk 0:01:09]} 40. axb4 {[%clk 0:01:03]} Bxb4 {[%clk 0:01:25]} 41. Rxb5
{[%clk 0:01:29]} Bc5 {[%clk 0:01:26]} 1/2-1/2

[Event "WCO2014"]
[Site "Tromso"]
[Date "2014.08.05"]
[Round "4.36"]
[WhiteID "200018"]
[White "Winants Luc"]
[BlackID "1301837"]
[Black "Pelletier Yannick"]
[Result "1/2-1/2"]
[LiveChessVersion "1.4.3"]
[BlackElo "2578"]
[WhiteElo "2545"]

1. d4 {[%clk 1:30:55]} e6 {[%clk 1:30:41]} 2. Nf3 {[%clk 1:29:20]} Nf6
{[%clk 1:31:03]} 3. Bf4 {[%clk 1:28:56]} c5 {[%clk 1:29:25]} 4. c3
{[%clk 1:28:26]} b6 {[%clk 1:27:13]} 5. e3 {[%clk 1:28:19]} Be7 {[%clk 1:27:25]}
6. h3 {[%clk 1:26:55]} O-O {[%clk 1:27:47]} 7. Nbd2 {[%clk 1:27:07]} Ba6
{[%clk 1:19:18]} 8. Bxa6 {[%clk 1:25:33]} Nxa6 {[%clk 1:19:44]} 9. Qe2
{[%clk 1:21:44]} Qc8 {[%clk 1:14:15]} 10. O-O {[%clk 1:20:58]} Qb7
{[%clk 1:10:40]} 11. a4 {[%clk 1:17:12]} d5 {[%clk 1:03:46]} 12. Ne5
{[%clk 1:16:24]} Nb8 {[%clk 0:53:27]} 13. Bg5 {[%clk 1:13:43]} h6
{[%clk 0:47:14]} 14. Bxf6 {[%clk 1:08:38]} Bxf6 {[%clk 0:47:35]} 15. f4
{[%clk 1:08:49]} Nc6 {[%clk 0:39:09]} 16. Nxc6 {[%clk 1:06:24]} Qxc6
{[%clk 0:38:46]} 17. Nf3 {[%clk 1:06:27]} Rab8 {[%clk 0:30:13]} 18. Rf2
{[%clk 1:00:31]} a6 {[%clk 0:28:04]} 19. g4 {[%clk 0:58:56]} g6 {[%clk 0:25:49]}
20. h4 {[%clk 0:57:54]} cxd4 {[%clk 0:16:15]} 21. exd4 {[%clk 0:53:49]} b5
{[%clk 0:14:05]} 22. g5 {[%clk 0:53:42]} hxg5 {[%clk 0:12:08]} 23. hxg5
{[%clk 0:53:57]} Bg7 {[%clk 0:12:36]} 24. Ne5 {[%clk 0:52:47]} Qc7
{[%clk 0:12:18]} 25. axb5 {[%clk 0:45:03]} axb5 {[%clk 0:12:42]} 26. Rc1
{[%clk 0:34:41]} b4 {[%clk 0:11:46]} 27. c4 {[%clk 0:34:44]} dxc4
{[%clk 0:12:13]} 28. Rxc4 {[%clk 0:34:43]} Qd6 {[%clk 0:11:50]} 29. Qe4
{[%clk 0:34:07]} Rbc8 {[%clk 0:06:27]} 30. Rfc2 {[%clk 0:33:01]} Rxc4
{[%clk 0:04:17]} 31. Rxc4 {[%clk 0:33:26]} 1/2-1/2

[Event "WCO2014"]
[Site "Tromso"]
[Date "2014.08.05"]
[Round "4.35"]
[WhiteID "1303422"]
[White "Gallagher Joseph G."]
[BlackID "202967"]
[Black "Michiels Bart"]
[Result "0-1"]
[LiveChessVersion "1.4.3"]
[BlackElo "2535"]
[WhiteElo "2473"]

1. e4 {[%clk 1:30:58]} e6 {[%clk 1:30:56]} 2. d4 {[%clk 1:31:22]} d5
{[%clk 1:31:23]} 3. Nc3 {[%clk 1:31:33]} Nf6 {[%clk 1:31:48]} 4. Bg5
{[%clk 1:31:46]} dxe4 {[%clk 1:32:11]} 5. Nxe4 {[%clk 1:32:08]} Nbd7
{[%clk 1:32:23]} 6. Nf3 {[%clk 1:30:59]} h6 {[%clk 1:32:47]} 7. Nxf6+
{[%clk 1:31:23]} Nxf6 {[%clk 1:33:10]} 8. Bh4 {[%clk 1:30:27]} c5
{[%clk 1:33:21]} 9. Ne5 {[%clk 1:28:05]} Qa5+ {[%clk 1:30:07]} 10. c3
{[%clk 1:28:27]} cxd4 {[%clk 1:29:32]} 11. Qxd4 {[%clk 1:28:39]} Bc5
{[%clk 1:27:09]} 12. Qf4 {[%clk 1:28:26]} Bd6 {[%clk 1:22:56]} 13. Bg3
{[%clk 1:28:50]} O-O {[%clk 1:16:26]} 14. Be2 {[%clk 1:29:15]} Bd7
{[%clk 0:42:26]} 15. Qd4 {[%clk 1:08:23]} Bc5 {[%clk 0:28:19]} 16. Qd3
{[%clk 1:06:11]} Qd8 {[%clk 0:27:48]} 17. Nxd7 {[%clk 0:57:12]} Nxd7
{[%clk 0:27:11]} 18. O-O-O {[%clk 0:49:07]} Nb6 {[%clk 0:22:00]} 19. Qxd8
{[%clk 0:42:54]} Raxd8 {[%clk 0:21:46]} 20. Bf3 {[%clk 0:43:14]} Nd5
{[%clk 0:20:04]} 21. Rd3 {[%clk 0:41:57]} f5 {[%clk 0:17:35]} 22. Rhd1
{[%clk 0:20:31]} f4 {[%clk 0:16:58]} 23. Bh4 {[%clk 0:20:33]} g5 {[%clk 0:15:45]}
24. c4 {[%clk 0:20:23]} gxh4 {[%clk 0:15:20]} 25. cxd5 {[%clk 0:20:48]} e5
{[%clk 0:10:49]} 26. d6 {[%clk 0:21:02]} Bxf2 {[%clk 0:07:27]} 27. Bxb7
{[%clk 0:20:03]} Bd4 {[%clk 0:07:15]} 28. Rxd4 {[%clk 0:20:12]} exd4
{[%clk 0:07:42]} 29. Rxd4 {[%clk 0:20:37]} h3 {[%clk 0:06:44]} 30. Rd3
{[%clk 0:13:03]} Rd7 {[%clk 0:05:41]} 31. Bd5+ {[%clk 0:06:55]} Kg7
{[%clk 0:06:03]} 32. Rxh3 {[%clk 0:06:58]} Rxd6 {[%clk 0:06:18]} 33. Bc4
{[%clk 0:01:04]} Rg6 {[%clk 0:05:13]} 34. Bd5 {[%clk 0:01:05]} Rd6
{[%clk 0:04:31]} 35. Bc4 {[%clk 0:01:05]} Rg6 {[%clk 0:04:26]} 36. Bd5
{[%clk 0:01:28]} Rc8+ {[%clk 0:04:01]} 37. Kb1 {[%clk 0:01:48]} Rd6
{[%clk 0:04:10]} 38. Bf3 {[%clk 0:01:55]} Rd2 {[%clk 0:02:48]} 39. Rh4
{[%clk 0:00:38]} Rb8 {[%clk 0:00:52]} 40. Rg4+ {[%clk 0:00:35]} Kh8
{[%clk 0:01:04]} 41. b3 {[%clk 0:26:12]} Re8 {[%clk 0:29:21]} 42. Kc1
{[%clk 0:26:07]} Rxa2 {[%clk 0:29:26]} 43. Kd1 {[%clk 0:26:59]} Rd8+
{[%clk 0:27:38]} 44. Kc1 {[%clk 0:25:42]} Re8 {[%clk 0:25:41]} 45. Kd1
{[%clk 0:24:19]} Rd8+ {[%clk 0:24:33]} 46. Kc1 {[%clk 0:24:24]} Rd4
{[%clk 0:24:51]} 47. Rg6 {[%clk 0:24:00]} Kh7 {[%clk 0:25:03]} 48. Re6
{[%clk 0:24:26]} Kg7 {[%clk 0:21:08]} 49. h4 {[%clk 0:24:03]} Rb4
{[%clk 0:17:19]} 50. h5 {[%clk 0:19:35]} Rb6 {[%clk 0:16:32]} 51. Re4
{[%clk 0:18:46]} Rxb3 {[%clk 0:16:11]} 52. Rxf4 {[%clk 0:19:00]} Rb5
{[%clk 0:10:11]} 53. Rg4+ {[%clk 0:17:04]} Kf8 {[%clk 0:09:52]} 54. Rc4
{[%clk 0:16:32]} Rb6 {[%clk 0:08:08]} 55. Rc7 {[%clk 0:11:35]} a5
{[%clk 0:03:42]} 56. Bd5 {[%clk 0:10:59]} Ra1+ {[%clk 0:03:14]} 57. Kc2
{[%clk 0:11:23]} a4 {[%clk 0:03:14]} 58. Rf7+ {[%clk 0:10:35]} Ke8
{[%clk 0:03:39]} 59. Ra7 {[%clk 0:11:02]} a3 {[%clk 0:03:38]} 60. Kc3
{[%clk 0:09:22]} Kd8 {[%clk 0:02:52]} 61. Bb3 {[%clk 0:03:07]} Kc8
{[%clk 0:02:24]} 62. g4 {[%clk 0:03:19]} Kb8 {[%clk 0:01:50]} 63. Ra4
{[%clk 0:03:04]} Rg1 {[%clk 0:01:28]} 64. Rxa3 {[%clk 0:01:08]} Rg3+
{[%clk 0:01:07]} 65. Kb2 {[%clk 0:00:38]} Rxg4 {[%clk 0:01:10]} 66. Ka2
{[%clk 0:00:33]} Rg2+ {[%clk 0:01:16]} 67. Ka1 {[%clk 0:01:00]} Rg3
{[%clk 0:01:36]} 68. Ka2 {[%clk 0:01:29]} Rh3 {[%clk 0:00:48]} 69. Bf7
{[%clk 0:01:02]} Rxa3+ {[%clk 0:01:10]} 70. Kxa3 {[%clk 0:01:31]} Kc7
{[%clk 0:01:25]} 71. Bb3 {[%clk 0:00:52]} Rb5 {[%clk 0:01:08]} 72. Bd1
{[%clk 0:01:09]} Kd6 {[%clk 0:01:31]} 73. Be2 {[%clk 0:01:35]} Rb8
{[%clk 0:01:29]} 74. Ka4 {[%clk 0:01:54]} Ke5 {[%clk 0:01:47]} 75. Bb5
{[%clk 0:01:06]} Kf4 {[%clk 0:02:04]} 76. Bc4 {[%clk 0:00:45]} Kg5
{[%clk 0:02:00]} 77. Be2 {[%clk 0:00:43]} Rb2 {[%clk 0:02:09]} 78. Bd1
{[%clk 0:00:50]} Rd2 {[%clk 0:02:09]} 79. Bf3 {[%clk 0:01:14]} Rh2
{[%clk 0:02:21]} 80. Kb4 {[%clk 0:01:31]} Rxh5 {[%clk 0:02:20]} 81. Kc4
{[%clk 0:00:34]} Rh3 {[%clk 0:02:39]} 82. Bd5 {[%clk 0:00:57]} Kf4
{[%clk 0:02:58]} 83. Kd4 {[%clk 0:01:18]} h5 {[%clk 0:03:10]} 0-1

[Event "WCO2014"]
[Site "Tromso"]
[Date "2014.08.05"]
[Round "4.34"]
[WhiteID "208027"]
[White "Ringoir Tanguy"]
[BlackID "1300113"]
[Black "Georgiadis Nico"]
[Result "1/2-1/2"]
[LiveChessVersion "1.4.3"]
[BlackElo "2448"]
[WhiteElo "2508"]

1. d4 {[%clk 1:30:58]} d5 {[%clk 1:30:54]} 2. c4 {[%clk 1:31:22]} dxc4
{[%clk 1:31:11]} 3. e3 {[%clk 1:31:45]} Nf6 {[%clk 1:31:18]} 4. Bxc4
{[%clk 1:32:07]} e6 {[%clk 1:31:41]} 5. Nf3 {[%clk 1:32:05]} a6 {[%clk 1:31:55]}
6. O-O {[%clk 1:30:27]} b5 {[%clk 1:32:09]} 7. Bd3 {[%clk 1:29:40]} Bb7
{[%clk 1:32:25]} 8. a4 {[%clk 1:29:55]} b4 {[%clk 1:32:41]} 9. Nbd2
{[%clk 1:29:43]} c5 {[%clk 1:32:41]} 10. Nc4 {[%clk 1:22:23]} Nbd7
{[%clk 1:20:27]} 11. Qe2 {[%clk 1:20:45]} cxd4 {[%clk 1:06:28]} 12. exd4
{[%clk 1:21:12]} Be7 {[%clk 1:06:41]} 13. a5 {[%clk 1:11:21]} Nd5
{[%clk 0:54:46]} 14. Ng5 {[%clk 1:06:00]} Qc7 {[%clk 0:39:46]} 15. Ne5
{[%clk 0:55:09]} Nxe5 {[%clk 0:35:19]} 16. dxe5 {[%clk 0:55:37]} h6
{[%clk 0:30:41]} 17. Nh3 {[%clk 0:56:05]} Bc5 {[%clk 0:28:31]} 18. Re1
{[%clk 0:53:10]} g5 {[%clk 0:17:55]} 19. Kh1 {[%clk 0:45:57]} Rg8
{[%clk 0:15:23]} 20. f3 {[%clk 0:44:41]} Bd4 {[%clk 0:12:33]} 21. Qe4
{[%clk 0:41:19]} Ba7 {[%clk 0:05:33]} 22. Qe2 {[%clk 0:35:12]} Bd4
{[%clk 0:06:01]} 23. Qe4 {[%clk 0:35:41]} Ba7 {[%clk 0:05:18]} 24. Qe2
{[%clk 0:36:09]} Bd4 {[%clk 0:04:51]} 25. Qe4 1/2-1/2

[Event "WCO2014"]
[Site "Tromso"]
[Date "2014.08.05"]
[Round "4.33"]
[WhiteID "1308173"]
[White "Kurmann Oliver"]
[BlackID "200778"]
[Black "Docx Stefan"]
[Result "1/2-1/2"]
[LiveChessVersion "1.4.3"]
[BlackElo "2491"]
[WhiteElo "2423"]

1. e4 {[%clk 1:30:55]} c5 {[%clk 1:30:23]} 2. Nf3 {[%clk 1:31:20]} d6
{[%clk 1:30:38]} 3. d4 {[%clk 1:31:44]} cxd4 {[%clk 1:30:55]} 4. Nxd4
{[%clk 1:32:09]} Nf6 {[%clk 1:31:15]} 5. Nc3 {[%clk 1:32:34]} a6 {[%clk 1:31:07]}
6. Be3 {[%clk 1:32:58]} e6 {[%clk 1:30:55]} 7. g4 {[%clk 1:33:15]} h6
{[%clk 1:29:39]} 8. h4 {[%clk 1:32:58]} b5 {[%clk 1:26:19]} 9. Bg2
{[%clk 1:29:38]} b4 {[%clk 1:25:08]} 10. e5 {[%clk 1:11:53]} dxe5
{[%clk 1:23:47]} 11. Bxa8 {[%clk 1:04:58]} exd4 {[%clk 1:22:28]} 12. Bf4
{[%clk 1:03:29]} bxc3 {[%clk 1:19:04]} 13. bxc3 {[%clk 0:55:32]} Bd7
{[%clk 1:14:21]} 14. Qf3 {[%clk 0:47:33]} Nd5 {[%clk 0:58:28]} 15. Rb1
{[%clk 0:43:35]} Nxf4 {[%clk 0:57:21]} 16. Qxf4 {[%clk 0:43:51]} Bb5
{[%clk 0:56:59]} 17. a4 {[%clk 0:30:58]} Bd6 {[%clk 0:26:01]} 18. Qxd4
{[%clk 0:28:38]} e5 {[%clk 0:23:59]} 19. Qe4 {[%clk 0:19:04]} Bd7
{[%clk 0:24:09]} 20. Bd5 {[%clk 0:17:32]} Qc8 {[%clk 0:23:32]} 21. Rb6
{[%clk 0:11:33]} Qxc3+ {[%clk 0:21:20]} 22. Ke2 {[%clk 0:10:05]} Qc5
{[%clk 0:21:35]} 23. a5 {[%clk 0:08:36]} Bc7 {[%clk 0:18:27]} 24. Rhb1
{[%clk 0:05:07]} Bxb6 {[%clk 0:18:05]} 25. Rxb6 {[%clk 0:05:36]} Bb5+
{[%clk 0:05:11]} 26. c4 {[%clk 0:05:44]} Nd7 {[%clk 0:05:39]} 27. Bxf7+
{[%clk 0:02:53]} Ke7 {[%clk 0:04:48]} 28. Re6+ {[%clk 0:02:29]} Kxf7
{[%clk 0:04:33]} 29. Qg6+ {[%clk 0:02:53]} Kg8 {[%clk 0:04:56]} 30. Re8+
{[%clk 0:03:17]} Nf8 {[%clk 0:05:12]} 31. cxb5 {[%clk 0:02:31]} Qxb5+
{[%clk 0:05:04]} 32. Kf3 {[%clk 0:01:53]} Qb3+ {[%clk 0:03:26]} 33. Kg2
{[%clk 0:02:22]} Qf7 {[%clk 0:03:38]} 34. h5 {[%clk 0:02:46]} Qf6
{[%clk 0:01:01]} 35. Rb8 {[%clk 0:01:21]} Qxg6 {[%clk 0:00:50]} 36. hxg6
{[%clk 0:01:50]} h5 {[%clk 0:01:19]} 37. g5 {[%clk 0:02:01]} h4 {[%clk 0:01:47]}
38. Kh3 {[%clk 0:02:23]} e4 {[%clk 0:01:33]} 39. Rc8 {[%clk 0:02:42]} Rh5
{[%clk 0:00:57]} 40. Kg4 {[%clk 0:03:07]} Rh8 {[%clk 0:01:25]} 41. Kh3
{[%clk 0:03:29]} Rh5 {[%clk 0:00:46]} 42. Kg4 {[%clk 0:03:54]} Rh8
{[%clk 0:01:11]} 43. Kh3 {[%clk 0:04:21]} Rh5 {[%clk 0:01:35]} 44. Kg4
{[%clk 0:04:38]} 1/2-1/2

[Event "WCO2014"]
[Site "Tromso"]
[Date "2014.08.05"]
[Round "4.5"]
[WhiteID "13701525"]
[White "Ismagambetov Anuar"]
[BlackID "13900048"]
[Black "Bologan Viktor"]
[Result "1-0"]
[LiveChessVersion "1.4.3"]
[BlackElo "2654"]
[WhiteElo "2531"]

1. e4 {[%clk 1:30:39]} e5 {[%clk 1:30:43]} 2. Nf3 {[%clk 1:30:03]} Nc6
{[%clk 1:31:06]} 3. Bb5 {[%clk 1:29:43]} Nf6 {[%clk 1:31:29]} 4. O-O
{[%clk 1:25:15]} Nxe4 {[%clk 1:31:45]} 5. Re1 {[%clk 1:19:15]} Nd6
{[%clk 1:31:26]} 6. Nxe5 {[%clk 1:19:34]} Be7 {[%clk 1:31:49]} 7. Bf1
{[%clk 1:19:43]} O-O {[%clk 1:31:59]} 8. Nc3 {[%clk 1:18:35]} Nxe5
{[%clk 1:25:22]} 9. Rxe5 {[%clk 1:18:53]} c6 {[%clk 1:25:42]} 10. d4
{[%clk 1:18:49]} Ne8 {[%clk 1:25:29]} 11. d5 {[%clk 1:17:10]} d6 {[%clk 1:23:37]}
12. Re1 {[%clk 1:16:59]} c5 {[%clk 1:23:26]} 13. Qe2 {[%clk 1:07:32]} Bf6
{[%clk 1:22:18]} 14. Qf3 {[%clk 1:06:38]} g6 {[%clk 1:13:15]} 15. Ne4
{[%clk 1:00:08]} Bg7 {[%clk 1:12:09]} 16. Bg5 {[%clk 1:00:14]} f6
{[%clk 1:09:46]} 17. Bf4 {[%clk 0:54:22]} g5 {[%clk 1:06:32]} 18. Bd2
{[%clk 0:52:14]} h6 {[%clk 1:04:41]} 19. Bc3 {[%clk 0:36:56]} f5 {[%clk 1:01:49]}
20. Bxg7 {[%clk 0:33:49]} Nxg7 {[%clk 1:00:40]} 21. Nd2 {[%clk 0:34:06]} Bd7
{[%clk 0:54:17]} 22. a4 {[%clk 0:31:38]} Be8 {[%clk 0:49:02]} 23. Qh3
{[%clk 0:27:25]} Qf6 {[%clk 0:45:48]} 24. Qc3 {[%clk 0:26:51]} Qxc3
{[%clk 0:44:49]} 25. bxc3 {[%clk 0:27:16]} Bf7 {[%clk 0:44:53]} 26. Re7
{[%clk 0:21:24]} b6 {[%clk 0:33:18]} 27. Nc4 {[%clk 0:19:12]} Rfd8
{[%clk 0:31:49]} 28. Rd1 {[%clk 0:18:02]} f4 {[%clk 0:24:59]} 29. Na3
{[%clk 0:16:34]} Kf8 {[%clk 0:21:35]} 30. Rb7 {[%clk 0:15:32]} Nf5
{[%clk 0:18:32]} 31. Bb5 {[%clk 0:15:12]} Ne7 {[%clk 0:14:20]} 32. Re1
{[%clk 0:15:09]} Ng6 {[%clk 0:14:32]} 33. Bc6 {[%clk 0:14:12]} Rac8
{[%clk 0:09:36]} 34. Nb5 {[%clk 0:05:18]} a6 {[%clk 0:08:21]} 35. Na3
{[%clk 0:05:32]} Rb8 {[%clk 0:06:21]} 36. Ra7 {[%clk 0:05:06]} Ne5
{[%clk 0:06:10]} 37. Rxa6 {[%clk 0:05:09]} Rdc8 {[%clk 0:01:12]} 38. Rb1
{[%clk 0:04:49]} Nxc6 {[%clk 0:01:37]} 39. dxc6 {[%clk 0:05:15]} Rxc6
{[%clk 0:02:03]} 40. a5 {[%clk 0:05:26]} Ke8 {[%clk 0:01:14]} 41. Ra7
{[%clk 0:22:03]} Ba2 {[%clk 0:22:28]} 42. Ra1 {[%clk 0:20:30]} Bf7
{[%clk 0:19:32]} 43. Re1+ {[%clk 0:17:50]} Kf8 {[%clk 0:19:31]} 44. Ree7
{[%clk 0:17:29]} Be8 {[%clk 0:08:03]} 45. a6 {[%clk 0:17:03]} b5 {[%clk 0:08:27]}
46. Rh7 {[%clk 0:15:46]} Kg8 {[%clk 0:08:50]} 47. Rag7+ {[%clk 0:15:50]} Kf8
{[%clk 0:09:11]} 48. a7 {[%clk 0:09:23]} Ra8 {[%clk 0:09:23]} 49. Rb7
{[%clk 0:09:32]} Kg8 {[%clk 0:09:10]} 50. Rhe7 {[%clk 0:08:31]} Kf8
{[%clk 0:07:22]} 51. Nxb5 {[%clk 0:07:09]} Ra6 {[%clk 0:07:05]} 52. Re1
{[%clk 0:07:34]} Bc6 {[%clk 0:04:07]} 53. Rb8+ {[%clk 0:07:50]} Kg7
{[%clk 0:04:23]} 54. Nc7 {[%clk 0:07:31]} R8xa7 {[%clk 0:04:42]} 55. Nxa6
{[%clk 0:07:19]} Rxa6 {[%clk 0:05:07]} 56. Rd8 {[%clk 0:07:03]} Be4
{[%clk 0:03:51]} 57. h3 {[%clk 0:05:31]} Bxc2 {[%clk 0:03:04]} 58. Re6
{[%clk 0:05:39]} Kf7 {[%clk 0:00:58]} 59. Rexd6 {[%clk 0:05:34]} Ra3
{[%clk 0:00:55]} 60. R8d7+ {[%clk 0:05:43]} Ke8 {[%clk 0:01:10]} 61. Rb7
{[%clk 0:05:51]} 1-0

[Event "WCO2014"]
[Site "Tromso"]
[Date "2014.08.05"]
[Round "4.6"]
[WhiteID "13900463"]
[White "Svetushkin Dmitry"]
[BlackID "13700669"]
[Black "Kostenko Petr"]
[Result "1-0"]
[LiveChessVersion "1.4.3"]
[BlackElo "2461"]
[WhiteElo "2547"]

1. e4 {[%clk 1:30:52]} c5 {[%clk 1:30:33]} 2. Nf3 {[%clk 1:31:16]} e6
{[%clk 1:30:44]} 3. d4 {[%clk 1:31:37]} cxd4 {[%clk 1:30:50]} 4. Nxd4
{[%clk 1:32:02]} a6 {[%clk 1:31:04]} 5. Nc3 {[%clk 1:32:24]} b5 {[%clk 1:30:53]}
6. Bd3 {[%clk 1:30:18]} Qb6 {[%clk 1:30:39]} 7. Nf3 {[%clk 1:29:55]} Qc7
{[%clk 1:30:59]} 8. O-O {[%clk 1:30:04]} Bb7 {[%clk 1:31:13]} 9. Re1
{[%clk 1:30:17]} Be7 {[%clk 1:31:32]} 10. Bd2 {[%clk 1:30:28]} Nc6
{[%clk 1:28:09]} 11. a4 {[%clk 1:30:45]} b4 {[%clk 1:28:19]} 12. Nd5
{[%clk 1:31:03]} exd5 {[%clk 1:24:29]} 13. exd5 {[%clk 1:30:26]} Nd8
{[%clk 1:21:50]} 14. c4 {[%clk 1:30:47]} Ne6 {[%clk 0:32:00]} 15. dxe6
{[%clk 1:09:14]} dxe6 {[%clk 0:32:08]} 16. a5 {[%clk 0:50:53]} Nf6
{[%clk 0:30:38]} 17. Be3 {[%clk 0:43:28]} O-O {[%clk 0:30:02]} 18. Bb6
{[%clk 0:42:46]} Qf4 {[%clk 0:23:22]} 19. Ne5 {[%clk 0:40:48]} Rac8
{[%clk 0:17:31]} 20. g3 {[%clk 0:36:12]} Qh6 {[%clk 0:17:22]} 21. Bf1
{[%clk 0:34:28]} Qh5 {[%clk 0:08:36]} 22. Qxh5 {[%clk 0:31:38]} Nxh5
{[%clk 0:09:05]} 23. c5 {[%clk 0:30:35]} Bxc5 {[%clk 0:08:25]} 24. Bxc5
{[%clk 0:30:56]} Rxc5 {[%clk 0:08:53]} 25. Nd7 {[%clk 0:31:15]} Rc2
{[%clk 0:08:52]} 26. Nxf8 {[%clk 0:31:38]} Kxf8 {[%clk 0:09:14]} 27. Rec1
{[%clk 0:31:31]} Rxb2 {[%clk 0:09:22]} 28. Rcb1 {[%clk 0:26:11]} Rd2
{[%clk 0:08:01]} 29. Rxb4 {[%clk 0:25:08]} Bd5 {[%clk 0:08:29]} 30. Bxa6
{[%clk 0:24:55]} Nf6 {[%clk 0:08:53]} 31. Bb7 {[%clk 0:23:41]} 1-0

[Event "WCO2014"]
[Site "Tromso"]
[Date "2014.08.05"]
[Round "4.7"]
[WhiteID "13701703"]
[White "Khusnutdinov Rustam"]
[BlackID "13904906"]
[Black "Cerbulenco Liviu"]
[Result "1-0"]
[LiveChessVersion "1.4.3"]
[BlackElo "2203"]
[WhiteElo "2470"]

1. e4 {[%clk 1:30:56]} e5 {[%clk 1:30:17]} 2. Nf3 {[%clk 1:31:08]} Nc6
{[%clk 1:30:39]} 3. Bb5 {[%clk 1:31:17]} a6 {[%clk 1:30:45]} 4. Ba4
{[%clk 1:31:25]} Nf6 {[%clk 1:31:02]} 5. O-O {[%clk 1:30:55]} Be7
{[%clk 1:31:14]} 6. Re1 {[%clk 1:27:26]} b5 {[%clk 1:31:28]} 7. Bb3
{[%clk 1:27:50]} O-O {[%clk 1:31:32]} 8. a4 {[%clk 1:27:04]} b4 {[%clk 1:31:42]}
9. d4 {[%clk 1:24:08]} d6 {[%clk 1:31:54]} 10. dxe5 {[%clk 1:23:59]} dxe5
{[%clk 1:32:03]} 11. Nbd2 {[%clk 1:23:33]} Bc5 {[%clk 1:31:24]} 12. a5
{[%clk 1:23:01]} Qd6 {[%clk 1:20:13]} 13. Qe2 {[%clk 1:11:45]} Bg4
{[%clk 1:03:01]} 14. Nc4 {[%clk 1:10:02]} Qe7 {[%clk 0:59:47]} 15. c3
{[%clk 1:08:14]} Be6 {[%clk 0:36:00]} 16. h3 {[%clk 0:50:16]} h6 {[%clk 0:32:48]}
17. Bc2 {[%clk 0:48:48]} Nd7 {[%clk 0:30:38]} 18. Ne3 {[%clk 0:48:12]} Bxe3
{[%clk 0:30:09]} 19. Bxe3 {[%clk 0:48:05]} Nc5 {[%clk 0:30:11]} 20. Nh4
{[%clk 0:44:22]} Rab8 {[%clk 0:26:30]} 21. Nf5 {[%clk 0:40:16]} Bxf5
{[%clk 0:26:30]} 22. exf5 {[%clk 0:40:44]} Rb5 {[%clk 0:24:08]} 23. c4
{[%clk 0:35:43]} Rbb8 {[%clk 0:21:19]} 24. f6 {[%clk 0:35:00]} Qd6
{[%clk 0:16:13]} 25. Bxc5 {[%clk 0:34:36]} Qxc5 {[%clk 0:16:33]} 26. Qg4
{[%clk 0:35:04]} g6 {[%clk 0:15:42]} 27. Bxg6 {[%clk 0:35:28]} Kh8
{[%clk 0:14:47]} 28. Qh5 {[%clk 0:35:42]} 1-0

[Event "WCO2014"]
[Site "Tromso"]
[Date "2014.08.05"]
[Round "4.8"]
[WhiteID "13900161"]
[White "Sanduleac Vasile"]
[BlackID "13704613"]
[Black "Aitbayev Aslan"]
[Result "1/2-1/2"]
[LiveChessVersion "1.4.3"]
[BlackElo "2425"]
[WhiteElo "2396"]

1. e4 {[%clk 1:30:50]} e6 {[%clk 1:30:32]} 2. d3 {[%clk 1:31:05]} d5
{[%clk 1:30:44]} 3. Nd2 {[%clk 1:31:24]} c5 {[%clk 1:30:21]} 4. Ngf3
{[%clk 1:30:47]} Nc6 {[%clk 1:29:47]} 5. g3 {[%clk 1:30:17]} Nf6 {[%clk 1:29:31]}
6. Bg2 {[%clk 1:30:29]} g6 {[%clk 1:28:48]} 7. O-O {[%clk 1:29:13]} Bg7
{[%clk 1:28:58]} 8. c3 {[%clk 1:19:09]} O-O {[%clk 1:22:59]} 9. Re1
{[%clk 1:18:39]} a5 {[%clk 1:22:35]} 10. a4 {[%clk 1:16:29]} b6 {[%clk 1:22:06]}
11. exd5 {[%clk 1:16:15]} exd5 {[%clk 1:21:24]} 12. Nf1 {[%clk 1:16:18]} Be6
{[%clk 1:12:11]} 13. d4 {[%clk 1:07:46]} Ne4 {[%clk 0:43:46]} 14. Ne5
{[%clk 0:51:17]} Nxe5 {[%clk 0:35:38]} 15. dxe5 {[%clk 0:51:42]} Bxe5
{[%clk 0:34:48]} 16. f3 {[%clk 0:48:10]} Nxc3 {[%clk 0:33:01]} 17. bxc3
{[%clk 0:46:52]} Bxc3 {[%clk 0:33:26]} 18. Bd2 {[%clk 0:42:43]} Bxa1
{[%clk 0:31:02]} 19. Qxa1 {[%clk 0:43:06]} d4 {[%clk 0:30:33]} 20. Bf4
{[%clk 0:38:23]} Bd5 {[%clk 0:25:35]} 21. Qb2 {[%clk 0:37:23]} Bc6
{[%clk 0:20:01]} 22. Qb3 {[%clk 0:33:36]} Bd5 {[%clk 0:16:34]} 23. Qb2
{[%clk 0:33:12]} Bc6 {[%clk 0:13:12]} 24. Qb3 {[%clk 0:33:28]} Bd5
{[%clk 0:13:19]} 25. Qb2 1/2-1/2